<?xml version="1.0" encoding="UTF-8"?>
<marc:record xmlns:marc="http://www.loc.gov/MARC21/slim" type="Bibliographic">
   <marc:leader>00000nam a2200000 c 4500</marc:leader>
   <marc:controlfield tag="001">1282078844</marc:controlfield>
   <marc:controlfield tag="003">DE-101</marc:controlfield>
   <marc:controlfield tag="005">20230602130437.0</marc:controlfield>
   <marc:controlfield tag="007">tu</marc:controlfield>
   <marc:controlfield tag="008">230228s2014    xxu||||| |||| 00||||eng  </marc:controlfield>
   <marc:datafield ind1=" " ind2=" " tag="010">
      <marc:subfield code="a">2013001560</marc:subfield>
   </marc:datafield>
   <marc:datafield ind1="7" ind2=" " tag="016">
      <marc:subfield code="2">DE-101</marc:subfield>
      <marc:subfield code="a">1282078844</marc:subfield>
   </marc:datafield>
   <marc:datafield ind1=" " ind2=" " tag="020">
      <marc:subfield code="a">9780143125471</marc:subfield>
      <marc:subfield code="c">Broschur</marc:subfield>
      <marc:subfield code="9">978-0-14-312547-1</marc:subfield>
   </marc:datafield>
   <marc:datafield ind1=" " ind2=" " tag="020">
      <marc:subfield code="a">0143125478</marc:subfield>
      <marc:subfield code="9">0-14-312547-8</marc:subfield>
   </marc:datafield>
   <marc:datafield ind1=" " ind2=" " tag="035">
      <marc:subfield code="a">(DE-599)DNB1282078844</marc:subfield>
   </marc:datafield>
   <marc:datafield ind1=" " ind2=" " tag="040">
      <marc:subfield code="a">1180</marc:subfield>
      <marc:subfield code="b">ger</marc:subfield>
      <marc:subfield code="c">DE-101</marc:subfield>
      <marc:subfield code="d">1150</marc:subfield>
      <marc:subfield code="e">rda</marc:subfield>
   </marc:datafield>
   <marc:datafield ind1=" " ind2=" " tag="041">
      <marc:subfield code="a">eng</marc:subfield>
   </marc:datafield>
   <marc:datafield ind1=" " ind2=" " tag="044">
      <marc:subfield code="c">XD-US</marc:subfield>
   </marc:datafield>
   <marc:datafield ind1="7" ind2="4" tag="082">
      <marc:subfield code="8">2\p</marc:subfield>
      <marc:subfield code="a">796</marc:subfield>
      <marc:subfield code="q">DE-101</marc:subfield>
      <marc:subfield code="2">23sdnb</marc:subfield>
   </marc:datafield>
   <marc:datafield ind1=" " ind2=" " tag="084">
      <marc:subfield code="a">GV791</marc:subfield>
      <marc:subfield code="2">lcc</marc:subfield>
   </marc:datafield>
   <marc:datafield ind1="1" ind2=" " tag="100">
      <marc:subfield code="8">1\p</marc:subfield>
      <marc:subfield code="0">(DE-588)1137520043</marc:subfield>
      <marc:subfield code="0">https://d-nb.info/gnd/1137520043</marc:subfield>
      <marc:subfield code="0">(DE-101)1137520043</marc:subfield>
      <marc:subfield code="a">Brown, Daniel James</marc:subfield>
      <marc:subfield code="d">1951-</marc:subfield>
      <marc:subfield code="e">Verfasser</marc:subfield>
      <marc:subfield code="4">aut</marc:subfield>
      <marc:subfield code="2">gnd</marc:subfield>
   </marc:datafield>
   <marc:datafield ind1="1" ind2="0" tag="245">
      <marc:subfield code="a">&#x98;The&#x9c; boys in the boat</marc:subfield>
      <marc:subfield code="b">nine Americans and their epic quest for gold at the 1936 Berlin Olympics</marc:subfield>
      <marc:subfield code="c">Daniel James Brown</marc:subfield>
   </marc:datafield>
   <marc:datafield ind1=" " ind2="1" tag="264">
      <marc:subfield code="a">New York, New York</marc:subfield>
      <marc:subfield code="b">Penguin Books</marc:subfield>
      <marc:subfield code="c">[2014]</marc:subfield>
   </marc:datafield>
   <marc:datafield ind1=" " ind2=" " tag="300">
      <marc:subfield code="a">404 Seiten</marc:subfield>
      <marc:subfield code="b">Illustrationen</marc:subfield>
      <marc:subfield code="c">24 cm</marc:subfield>
   </marc:datafield>
   <marc:datafield ind1=" " ind2=" " tag="336">
      <marc:subfield code="a">Text</marc:subfield>
      <marc:subfield code="b">txt</marc:subfield>
      <marc:subfield code="2">rdacontent</marc:subfield>
   </marc:datafield>
   <marc:datafield ind1=" " ind2=" " tag="337">
      <marc:subfield code="a">ohne Hilfsmittel zu benutzen</marc:subfield>
      <marc:subfield code="b">n</marc:subfield>
      <marc:subfield code="2">rdamedia</marc:subfield>
   </marc:datafield>
   <marc:datafield ind1=" " ind2=" " tag="338">
      <marc:subfield code="a">Band</marc:subfield>
      <marc:subfield code="b">nc</marc:subfield>
      <marc:subfield code="2">rdacarrier</marc:subfield>
   </marc:datafield>
   <marc:datafield ind1=" " ind2=" " tag="520">
      <marc:subfield code="a">Zusammenfassung: Daniel James Brown's robust book tells the story of the University of Washingtons 1936 eight-oar crew and their epic quest for an Olympic gold medal, a team that transformed the sport and grabbed the attention of millions of Americans.</marc:subfield>
   </marc:datafield>
   <marc:datafield ind1=" " ind2="2" tag="653">
      <marc:subfield code="a">(lcsh)University of Washington--Rowing--History.</marc:subfield>
   </marc:datafield>
   <marc:datafield ind1=" " ind2="2" tag="653">
      <marc:subfield code="a">(fast)University of Washington.</marc:subfield>
   </marc:datafield>
   <marc:datafield ind1=" " ind2="3" tag="653">
      <marc:subfield code="a">(lcsh)Olympic Games--(11th : 1936 :--Berlin, Germany)</marc:subfield>
   </marc:datafield>
   <marc:datafield ind1=" " ind2="3" tag="653">
      <marc:subfield code="a">(fast)Olympic Games.</marc:subfield>
   </marc:datafield>
   <marc:datafield ind1=" " ind2="0" tag="653">
      <marc:subfield code="a">(lcsh)Rowing--United States--History.</marc:subfield>
   </marc:datafield>
   <marc:datafield ind1=" " ind2="0" tag="653">
      <marc:subfield code="a">(lcsh)Rowers--United States--Biography.</marc:subfield>
   </marc:datafield>
   <marc:datafield ind1=" " ind2="0" tag="653">
      <marc:subfield code="a">(rvm)Aviron--États-Unis--Histoire.</marc:subfield>
   </marc:datafield>
   <marc:datafield ind1=" " ind2="0" tag="653">
      <marc:subfield code="a">(rvm)Rameurs--États-Unis--Biographies.</marc:subfield>
   </marc:datafield>
   <marc:datafield ind1=" " ind2="0" tag="653">
      <marc:subfield code="a">(fast)Rowers.</marc:subfield>
   </marc:datafield>
   <marc:datafield ind1=" " ind2="0" tag="653">
      <marc:subfield code="a">(fast)Rowing.</marc:subfield>
   </marc:datafield>
   <marc:datafield ind1=" " ind2="5" tag="653">
      <marc:subfield code="a">(fast)United States.</marc:subfield>
   </marc:datafield>
   <marc:datafield ind1=" " ind2="6" tag="653">
      <marc:subfield code="a">(fast)Biographies.</marc:subfield>
   </marc:datafield>
   <marc:datafield ind1=" " ind2="6" tag="653">
      <marc:subfield code="a">(fast)History.</marc:subfield>
   </marc:datafield>
   <marc:datafield ind1=" " ind2=" " tag="850">
      <marc:subfield code="a">DE-101a</marc:subfield>
   </marc:datafield>
   <marc:datafield ind1="4" ind2="2" tag="856">
      <marc:subfield code="m">B:DE-101</marc:subfield>
      <marc:subfield code="q">application/pdf</marc:subfield>
      <marc:subfield code="u">https://d-nb.info/1282078844/04</marc:subfield>
      <marc:subfield code="3">Inhaltsverzeichnis</marc:subfield>
   </marc:datafield>
   <marc:datafield ind1="2" ind2=" " tag="883">
      <marc:subfield code="8">1\p</marc:subfield>
      <marc:subfield code="a">dnb</marc:subfield>
      <marc:subfield code="d">20230517</marc:subfield>
      <marc:subfield code="q">DE-101</marc:subfield>
      <marc:subfield code="u">https://d-nb.info/provenance/plan#dnb</marc:subfield>
   </marc:datafield>
   <marc:datafield ind1="2" ind2=" " tag="883">
      <marc:subfield code="8">2\p</marc:subfield>
      <marc:subfield code="a">dnb</marc:subfield>
      <marc:subfield code="d">20230602</marc:subfield>
      <marc:subfield code="q">DE-101</marc:subfield>
      <marc:subfield code="u">https://d-nb.info/provenance/plan#dnb</marc:subfield>
   </marc:datafield>
   <marc:datafield ind1="r" ind2=" " tag="925">
      <marc:subfield code="a">rg</marc:subfield>
   </marc:datafield>
</marc:record>
